| 000 | 00950cam a2200265u 4500 | ||
|---|---|---|---|
| 001 | 5991850 | ||
| 003 | OSt | ||
| 005 | 20140715213004.0 | ||
| 008 | 850925s1962 arg spa | ||
| 040 |
_aDLC _cBMC _dDLC |
||
| 082 | _a340.56 | ||
| 082 | _a347.05 | ||
| 100 | 1 |
_915480 _aCalamandrei, Piero _d1889-1956 |
|
| 245 | 1 | 0 |
_aDerecho procesal civil _b: según el nuevo Código _cPiero Calamandrei ; traducción por Santiago Sentís Melendo |
| 260 |
_aBuenos Aires _bEdiciones Jurídicas Europa-América _c1962 |
||
| 300 |
_a3 v. _c24 cm |
||
| 490 |
_aCiencia del proceso _v40, 41, 42 |
||
| 505 | _aContiene: v. I y II: Instituciones de derecho procesal civil ; v. III: Estudios de derecho procesal civil | ||
| 594 | _1En la port. del Vol. I: Prólogo de Hugo Alsina | ||
| 650 | 2 | 4 |
_aDerecho civil _96409 |
| 650 | 2 | 4 |
_aProcedimiento civil _96629 |
| 700 | 1 |
_aSentís Melendo, Santiago _96651 |
|
| 700 | 1 |
_916274 _aAlsina, Hugo |
|
| 942 |
_2ddc _cBK |
||
| 999 |
_c8512 _d8512 |
||